Discrete Mathematics With Applications

Gespeichert in:
Bibliographische Detailangaben
1. Verfasser: Epp; Susanna S.
Format: Buch
Veröffentlicht: Cengage Learning
Tags: Tag hinzufügen
Keine Tags, Fügen Sie das erste Tag hinzu!

MARC

LEADER 00000nam a2200000Ia 4500
005 20260513122053.0
020 |a 9789355731029 
100 |a Epp; Susanna S. 
365 |c Rs. 
365 |b 20.00 
942 |c BK 
245 |a Discrete Mathematics With Applications 
260 |b Cengage Learning 
999 |c 93  |d 93 
952 |0 0  |1 0  |4 0  |7 0  |a UNSW  |b UNSW  |d 2026-04-29  |g 1155.00  |i 16669  |l 0  |p 000013  |r 2026-05-13 12:20:53  |v 1155.00  |w 2026-05-13  |y BK